000 00474nam a2200181Ia 4500
001 24250
005 20260414151031.0
008 260414t2021||||xx |||||||||||||| ||spa||
041 _aESP
082 _a345.2
_bD84
110 _aDivisión de Estudios Jurídicos de Gaceta Jurídica
245 0 _aEl derecho procesal penal en su jurisprudencia
_b
260 _c2021
300 _a397 páginas :
_c25 cm.
650 _aDER
654 _aCDE
942 _cLIB
_dJUS
_fJUS
_2ddc
_n
999 _c24250
_d24250